Ukrainische Städte Karten-Quiz - Statistiken

Allgemein
  • Dieses Quiz wurde 260 mal gespielt
  • Das Durchschnittsergebnis liegt bei 7 aus 10
Antworten auf der Karte
Die Antworten werden auf der Karte rot bzw. grün angezeigt, abhängig davon wie oft sie richtig erraten wurden.
 
Antwortstatistiken
Antwort % Korrekt
Kyjiw/ Kiew
Київ
97%
Odessa
Одеса
92%
Lwiw/ Lemberg
Львів
88%
Mariupol
Маріуполь
86%
Donezk
Донецьк
85%
Charkiw
Харків
81%
Dnipro
Дніпро
63%
Mykolajiw
Миколаїв
56%
Saporischschja
Запоріжжя
48%
Krywyj Rih
Кривий Ріг
44%
Keine übereinstimmenden Quizze gefunden
Verteilung der Resultate
Anzahl Personen mit jedem Resultat
Perzentil nach korrekt beantworteten Fragen
Ihre Resultats-Entwicklung
Sie haben dieses Quiz noch nicht gespielt